Ratanlal and Dhirajlal the Indian Penal Code / (Record no. 101704)

MARC details
000 -LEADER
fixed length control field 00759nam a22002417a 4500
005 - DATE AND TIME OF LATEST TRANSACTION
control field 20230406141347.0
010 ## - LCCN (DPL NO)
LC control number ENG-115611
020 ## - INTERNATIONAL STANDARD BOOK NUMBER
International Standard Book Number 9789351436713
Terms of availability 2795.00
035 ## - SYSTEM CONTROL NUMBER
System control number EN-99143
037 ## - SOURCE OF ACQUISITION
Source of stock number/acquisition DBAD/PUB
082 ## - DEWEY DECIMAL CLASSIFICATION NUMBER
Classification number 345.54
100 ## - MAIN ENTRY--PERSONAL NAME
Personal name Ratanlal
245 ## - TITLE STATEMENT
Title Ratanlal and Dhirajlal the Indian Penal Code /
Statement of responsibility, etc by Ratanlal [and] Dhirajlal ;Revised by KT Thomas [and] MA Rashid
250 ## - EDITION STATEMENT
Edition statement 33rd ed.
260 ## - PUBLICATION, DISTRIBUTION, ETC. (IMPRINT)
Place of publication, distribution, etc Gurgaon
Name of publisher, distributor, etc Lexis Nexis
Date of publication, distribution, etc 2014
270 ## - ADDRESS
Address 14th Floor, Building No.10, Tower-B, DLF Cyber City, Phase-II
City Gurgaon
Postal code 122002
300 ## - PHYSICAL DESCRIPTION
Extent ccIxxii,3497p.
Dimensions 25cm(Hb)
500 ## - GENERAL NOTE
General note Includes index
700 ## - ADDED ENTRY--PERSONAL NAME
Personal name Dhirajlal
700 ## - ADDED ENTRY--PERSONAL NAME
Personal name Thomas,K.T.
700 ## - ADDED ENTRY--PERSONAL NAME
Personal name Rashid.M.A.
942 ## - ADDED ENTRY ELEMENTS (KOHA)
Source of classification or shelving scheme Dewey Decimal Classification
Item type English Books
Call number suffix RAT
Classification part 345.54
Holdings
Withdrawn status Lost status Not for loan Collection code Home library Current library Date acquired Source of acquisition Cost, normal purchase price Full call number Barcode Copy number Cost, replacement price Koha item type
      Reference Central Library Central Library 02/08/2016 DBAD/PUB 2795.00 345.54 RAT EN-99143 1 2795.00 English Books

© Delhi Public Library
Hit Counter
free hit counter